| 000 | 00493nam a2200181Ia 4500 | ||
|---|---|---|---|
| 005 | 20250326124800.0 | ||
| 008 | 250326s9999 xx 000 0 und d | ||
| 037 | _aTextbook | ||
| 040 |
_aFMSL _beng _cFMSL |
||
| 041 |
_aeng _2eng |
||
| 084 |
_aX:89A-515 L0 _qFMSL |
||
| 100 |
_aBolling C L _9737968 |
||
| 245 | 0 |
_aSales management _cBolling C L |
|
| 260 |
_aNew Delhi _bNew Delhi, Pitman _c1970 |
||
| 300 | _a367p | ||
| 942 |
_cTB _hX:89A-515 L0 |
||
| 999 |
_c1275188 _d1275188 |
||